| 000 | 00344nam a2200121 a 4500 | ||
|---|---|---|---|
| 999 |
_c10330 _d10330 |
||
| 100 | 1 | _aMohammad Rafique | |
| 245 | 1 | 0 | _aManual Reinforced Concrete Design for Building Structural Members |
| 260 |
_a[S.l.] : _b?, _c2009. |
||
| 300 | _aIRP p. ; | ||
| 650 | _aManual | ||
| 856 | 4 | 0 | _uhttp://www.amazon.com/exec/obidos/ASIN/chopaconline-20 |
| 942 | _cBK | ||